A short history of Greek mathematics

Saved in:
Bibliographic Details
Main Author: Gow, James 1854-1923
Format: Book
Language:English
Published: New York : Chelsea Pub. Co, [1968]
Edition:[Rev.]
Subjects:
Tags: Add Tag
No Tags, Be the first to tag this record!

MARC

LEADER 00000nam a2200000 i 4500
001 1/53848
008 941103r19681884 eng d
020 |a 0828402183 
035 |l 10044822 
035 |a 1987 
040 |a GR-MY-UA  |b gre  |e aacr 
041 0 |a eng 
082 0 |a 510.09138 
100 1 |a Gow, James  |d 1854-1923. 
245 1 2 |a A short history of Greek mathematics 
250 |a [Rev.] 
260 |a New York :   |b Chelsea Pub. Co,   |c [1968] 
300 |a xii, 325 p;  |c 21 cm 
500 |a Reprint of the 1884 ed 
504 |a Bibliographical footnotes 
650 0 0 |a Mathematics, Greek. 
650 0 0 |a Mathematics  |x History. 
852 |a INST  |b SAMOS  |e 19941103  |h 510.9 GOW  |p 005300001824  |q 005300001824  |t BK  |y 0 
909 |a Σ  |b 009085